Vista normal Vista MARC

Entrada Topical Term

Número de registros utilizados en: 1

001 - CONTROL NUMBER

  • control field: 60226

003 - CONTROL NUMBER IDENTIFIER

  • control field: OSt

005 - DATE AND TIME OF LATEST TRANSACTION

  • control field: 20250613174202.0

008 - FIXED-LENGTH DATA ELEMENTS

  • fixed length control field: 250613|| aca||aabn | a|a d

040 ## - CATALOGING SOURCE

  • Original cataloging agency: OSt
  • Transcribing agency: OSt

150 ## - HEADING--TOPICAL TERM

  • Topical term or geographic name entry element: Álbumes infantiles españoles

670 ## - SOURCE DATA FOUND

  • Source citation: Work cat.: (OSt)57288: Aparicio Catalá, Anna, 1991 1991- 60225, El abecedario travieso









Instituto Departamental de Cultura del Meta - Red Departamental de Bibliotecas Públicas del Meta.